000 01090nam a2200229Ia 4500
999 _c54658
_d54658
001 21725
003 GE_BSU
005 20220121155326.0
008 181216s1950||||ge |||||||||||||| ||geo||
040 _cGE_BSU
041 _ageo
080 _a811.353.1(072) + 821.353.1(072) ქ-27
245 _aქართული ენა და ლიტერატურა სკოლაში :
_bმეთოდური წერილების კრებული 3 /
_cრედ. გ. ბარამიძე.
264 _aთბილისი :
_bინ-ტის გამ-ბა,
_c1950.
300 _a104 გვ. ;
_c22 სმ.
541 _h1ლ. 20თ.
653 _aქართული ენა
653 _aქართული ენა და ლიტერატურა სკოლაში
700 _aბარამიძე, გ.
_eრედაქტორი
_913357
710 _aსაქართველოს სსრ პედაგოგიკურ მეცნიერებათა ინსტიტუტი
_913358
942 _cBK
_2udc